States/Territories of Australia - Sudden Death - Statistics

General Stats
  • This quiz has been taken 35 times
  • The average score is 7 of 8
Answers on the Grid
Answers color-coded by a green-red scale on the quiz's grid according to % correct below.
Tasmania
New South Wales
Outback Territory
Queensland
Bondi
South Australia
Darwin Island
Victoria
Western Australia
Rottnest Island
Northern Territory
Eastern Valley
Australian Capital Territory
 
Answer Stats
Answer % Correct
Tasmania
97%
Queensland
93%
Victoria
93%
Western Australia
93%
Australian Capital Territory
90%
New South Wales
90%
Northern Territory
83%
South Australia
69%
No matching quizzes found
Score Distribution
Percent of People with Each Score
Percentile by Number Answered
Your Score History
You have not taken this quiz